| 000 | 00690nam a2200193Ia 4500 | ||
|---|---|---|---|
| 003 | GCL | ||
| 005 | 20240530095333.0 | ||
| 008 | 140319s9999 xx 000 0 ara d | ||
| 040 |
_aGCL / _cGCL |
||
| 082 | 0 | 4 |
_a962.031 _bق/ص ح |
| 100 | 1 | _aصلاح احمد هريدى | |
| 245 | 1 | 0 |
_aالحرف والصناعات فى عهد محمد على / _cصلاح احمد هريدى |
| 260 |
_aالقاهرة : _bعين للدراسات والبحوث الانسانية والاجتماعية ، _c2003 |
||
| 300 |
_a363 ص ؛ _c25 سم |
||
| 650 | 0 | 4 | _aالصناعات اليدوية |
| 650 | 0 | 4 | _aالحرف اليدوية |
| 700 | 1 | _aعمر عبدالعزيز عمر | |
| 942 |
_2ddc _cBK |
||
| 999 |
_c6284 _d6284 |
||